| 000 | 01659nam a2200397 c 4500 | ||
|---|---|---|---|
| 999 |
_c164517 _d164517 |
||
| 003 | BLK | ||
| 005 | 20250509122749.0 | ||
| 008 | 180410b bul|||||r ||||||| ||bul|| | ||
| 010 | _aKNG00172031000 | ||
| 020 | _a978-954-317-161-3 | ||
| 040 | _aBLK | ||
| 041 |
_aBUL _cBUL |
||
| 072 | 7 |
_2bullib _aН84 _xБългарска художествена литература Н |
|
| 080 |
_aБългарска литература _b821.163.2 _x-311.6 _z821.163.2-311.6 |
||
| 100 | 1 |
_aТокораз Исто _eпърви автор _9129866 |
|
| 139 |
_aЦветкашки, Стоян Любомиров _bЦ 34 |
||
| 245 | 1 | 0 |
_aТангра : Т. 1 _bБълг. ист. роман : Т. 1 - _cТокораз Исто; * Стоян Любомиров Цветкашки. _nТ. 1 _pТохол |
| 250 | _a2. изд. | ||
| 257 | _aBGR | ||
| 260 |
_c2012 - _fПловдив : студио Пиксел |
||
| 300 | _c20 см | ||
| 380 | _aX | ||
| 500 | _a1. изд. 2012 на изд. ИМН. - Токораз Исто - псевд. на Стоян Любомиров Цветкашки. | ||
| 653 | _aисторически романи | ||
| 659 | _aН | ||
| 700 |
_aЦветкашки, Стоян Любомиров _d1968 - _9285269 |
||
| 760 | 1 |
_aТокораз Исто _b2. изд. _dОренда, 2012 _h664 с. _tТ. 1 Тохол |
|
| 852 |
_aЦб 318150 _bЦб |
||
| 856 | 4 |
_qpdf _i0.00 _ldisable |
|
| 856 | 4 |
_qpdf _i0.00 _ldisable |
|
| 942 |
_cKNG _n0 _074 _s1 |
||
| 944 |
_aCR _c24.02.2015 _lРусанова Ирена _k30542 |
||
| 944 |
_aED _c03.07.2015 _lф / _kЛюдмила_Стоянова |
||
| 999 | _d164517 | ||
| 999 | _d164517 | ||